Statistiques concernant Logos de journaux français

Cliquez ici pour prendre le quiz!

Statistiques générales

  • Ce quiz a été pris 885 fois
  • Le résultat moyen est 9 sur 16

Statistiques - réponses

Réponse% Correct
Le Monde
99%
L'Equipe
99%
Le Figaro
98%
Le Parisien
98%
Le Canard enchaîné
80%
Le Point
68%
Marianne
62%
Valeurs actuelles
52%
Ouest France
42%
L'Obs
41%
Mediapart
40%
L'Express
37%
La Croix
19%
L'Humanité
19%
Les Echos
11%
Franc-Tireur
10%

Distribution des résultats

Percentile par nombre de réponses

% des personnes avec chaque résultat

Votre développement - résultats

Vous n’avez pas pris ce quiz